| 000 | 01506nam a2200289 a 4500 | ||
|---|---|---|---|
| 001 | 1875 | ||
| 003 | Uk | ||
| 005 | 20250211143553.0 | ||
| 020 |
_a1858818249 (pbk.) : _c£4.99 |
||
| 040 |
_aUk _beng _cUk |
||
| 050 | _aPZ7.S604 | ||
| 082 | 0 | 4 |
_a823.914 _222 |
| 100 | 1 | _aSimon, Francesca. | |
| 245 | 1 | 0 |
_aHorrid Henry and the mummy's curse / _cFrancesca Simon ; illustrated by Tony Ross. |
| 260 |
_aLondon : _bDolphin, _c2003. |
||
| 300 |
_a92 pages : _billustrations ; _c20 cm. |
||
| 500 | _aOriginally published: London : Orion Children's, 2000. | ||
| 505 | _aH | ||
| 520 | _a"Age Level: 7 and up | Grade Level: 2 to 5 Horrid Henry indulges his favorite hobby--collecting Gizmos; has a bad time with his spelling homework; starts a rumor that there's a shark in the swimming pool; and spooks Perfect Peter with the mummy's curse. Francesca Simon is one of the world's best-loved children's authors. She is the only American to have ever won the Galaxy Book Award, and her creation, Horrid Henry, is the #1 bestselling chapter book series in the UK--with a hit TV show and over fifteen million copies sold! Each book contains four easy-to-read stories and hilarious illustrations by the one and only Tony Ross..." - Lexile Website | ||
| 521 |
_a510
_bLexile |
||
| 521 |
_aH
_bRaz-Plus |
||
| 650 | 0 |
_aHorrid Henry (Fictitious character) _vJuvenile fiction. |
|
| 650 | 0 |
_aBoys _vJuvenile fiction. |
|
| 650 | 0 |
_aDisorderly conduct _vJuvenile fiction. |
|
| 700 | 1 | _aRoss, Tony. | |
| 942 |
_2ddc _cBK _n0 |
||
| 999 |
_c1875 _d1875 |
||